<?xml version="1.0" encoding="UTF-8"?>
<record
    xmlns:xsi="http://www.w3.org/2001/XMLSchema-instance"
    xsi:schemaLocation="http://www.loc.gov/MARC21/slim http://www.loc.gov/standards/marcxml/schema/MARC21slim.xsd"
    xmlns="http://www.loc.gov/MARC21/slim">

  <leader>02043agaaa2200337   4500</leader>
  <controlfield tag="001">0911</controlfield>
  <controlfield tag="003">IT-RoPAU</controlfield>
  <controlfield tag="005">20220918181234.0</controlfield>
  <controlfield tag="007">d cvaizq</controlfield>
  <controlfield tag="008">50131s9999||||xx ||| |     ||   ||und||</controlfield>
  <datafield tag="040" ind1=" " ind2=" ">
    <subfield code="a">IT-RoPAU</subfield>
    <subfield code="c">IT-RoPAU</subfield>
  </datafield>
  <datafield tag="041" ind1=" " ind2=" ">
    <subfield code="a">ITALIANO</subfield>
  </datafield>
  <datafield tag="100" ind1=" " ind2=" ">
    <subfield code="a">Hawks Howard</subfield>
    <subfield code="g">Codice regista SPICS: 11262</subfield>
    <subfield code="9">41945</subfield>
  </datafield>
  <datafield tag="130" ind1=" " ind2=" ">
    <subfield code="a">MAGNIFICO SCHERZO (IL)</subfield>
    <subfield code="9">41946</subfield>
  </datafield>
  <datafield tag="240" ind1=" " ind2=" ">
    <subfield code="a">MONKEY BUSINESS</subfield>
    <subfield code="g">T2259</subfield>
  </datafield>
  <datafield tag="245" ind1=" " ind2=" ">
    <subfield code="a">MAGNIFICO SCHERZO (IL)</subfield>
    <subfield code="c">Prodotto da: Siegel Sol C. -- Sceneggiatura: Hecht Ben Lederer Charles Diamond Da Una Storia Di Harry Segal -- Diretto da: Hawks Howard</subfield>
    <subfield code="p">MAGNIFICO SCHERZO (IL) (Rif. Codice opera principale : 90911)</subfield>
  </datafield>
  <datafield tag="246" ind1=" " ind2=" ">
    <subfield code="a">MONKEY BUSINESS</subfield>
  </datafield>
  <datafield tag="250" ind1=" " ind2=" ">
    <subfield code="a">Edizione Standard</subfield>
  </datafield>
  <datafield tag="260" ind1=" " ind2=" ">
    <subfield code="a">(USA)</subfield>
    <subfield code="b">20TH CENTURY FOX / Distribuzione: CBS-FOX</subfield>
    <subfield code="g">"1952 (1&#xB0; ed.: 1990 ; Ed. Lingua Orig.: 1952)"</subfield>
  </datafield>
  <datafield tag="300" ind1=" " ind2=" ">
    <subfield code="a">VHS</subfield>
    <subfield code="b">sonoro, b&amp;w</subfield>
    <subfield code="c">93 minuti</subfield>
  </datafield>
  <datafield tag="508" ind1=" " ind2=" ">
    <subfield code="a">"Fotografia: Krasner Milton; Montaggio: Murphy William B.; Musica: Harline ; Sceneggiatura: Hecht Ben Lederer Charles Diamond Da Una Storia Di Harry Segal; Scenografia: Little Thomas; "</subfield>
  </datafield>
  <datafield tag="511" ind1=" " ind2=" ">
    <subfield code="a">"Grant Cary; Rogers Ginger; Coburn Charles; Monroe Marilyn; Marlowe Hugh; Letondal Hen"</subfield>
  </datafield>
  <datafield tag="520" ind1=" " ind2=" ">
    <subfield code="a">LOIS LAUREL E' SEGRETARIA DI UNO SCIENZIATO CHE QUASI PER CASO SCOPRE UN RIVOLUZIONARIO ELISIR DELLA GIOVINEZZA LO PROVA SU SE STESSO MA UNA DOSE ECCESSIVA DEL PORTENTOSO LIQUIDO PROVOCA UN EFFETTO IMPREVISTO RIPORTANDOLO INDIETRO MOLTO INDIETRO NEGLI ANNI ALL'INFANZIA NELLE CAOTICHE SITUAZIONI CHETUTTO CIO' PROVOCA VIENE TRASCINATA ANCHE LA POVERA MARILYN I GUAI VERI TUTTAVIA INIZIERANNO QUANDO ANCHE LA MOGLIE DELLO SCIENZIATO SOTTO L'EFFETTO DELLA POZIONE TORNERA' BAMBINA</subfield>
  </datafield>
  <datafield tag="538" ind1=" " ind2=" ">
    <subfield code="a">PAL, STEREO</subfield>
  </datafield>
  <datafield tag="546" ind1=" " ind2=" ">
    <subfield code="a">ITALIANO</subfield>
  </datafield>
  <datafield tag="650" ind1=" " ind2=" ">
    <subfield code="a">COMMEDIA</subfield>
    <subfield code="e">FILMS [VHS]</subfield>
    <subfield code="x">Codice MATERIA SPICS: 9960</subfield>
    <subfield code="9">41947</subfield>
  </datafield>
  <datafield tag="700" ind1=" " ind2=" ">
    <subfield code="a">Harline </subfield>
    <subfield code="e">(musica)</subfield>
    <subfield code="g">Codice Musica SPICS: 15749</subfield>
    <subfield code="9">41948</subfield>
  </datafield>
  <datafield tag="700" ind1=" " ind2=" ">
    <subfield code="a">Hawks Howard </subfield>
    <subfield code="e">(regista)</subfield>
    <subfield code="g">Codice regista SPICS: 11262</subfield>
    <subfield code="9">41949</subfield>
  </datafield>
  <datafield tag="700" ind1=" " ind2=" ">
    <subfield code="a">Hecht Ben </subfield>
    <subfield code="e">(soggetto)</subfield>
    <subfield code="g">Codice Soggetto SPICS: 9138</subfield>
    <subfield code="9">41950</subfield>
  </datafield>
  <datafield tag="942" ind1=" " ind2=" ">
    <subfield code="c">VH</subfield>
    <subfield code="2">ddc</subfield>
  </datafield>
  <datafield tag="999" ind1=" " ind2=" ">
    <subfield code="c">105531</subfield>
    <subfield code="d">105531</subfield>
  </datafield>
  <datafield tag="952" ind1=" " ind2=" ">
    <subfield code="0">0</subfield>
    <subfield code="1">0</subfield>
    <subfield code="4">0</subfield>
    <subfield code="6">90911_000000000000000</subfield>
    <subfield code="7">1</subfield>
    <subfield code="a">SPICS</subfield>
    <subfield code="b">SPICS</subfield>
    <subfield code="d">2015-01-31</subfield>
    <subfield code="l">0</subfield>
    <subfield code="o">90911</subfield>
    <subfield code="r">2015-01-31 00:00:00</subfield>
    <subfield code="w">2015-01-31</subfield>
    <subfield code="y">VH</subfield>
    <subfield code="z">Progr. Ins.: 2899 / N.Vol.:1 / Copie: 1 / Pag.:0 / Copia rara: n.d. / date import: 1.2.2015 / By Epidotti, Trombetti, Vaglietti</subfield>
  </datafield>
</record>
